Advances in Pollen-Spore Research.Vol.13 Studies in the Pollen Morphology of Indian Heteromerae (Record no. 373965)

MARC details
000 -LEADER
fixed length control field 00384nam a22001337a 4500
005 - DATE AND TIME OF LATEST TRANSACTION
control field 20250903145345.0
082 ## - DEWEY DECIMAL CLASSIFICATION NUMBER
Classification number 582.0463072 ADV
100 ## - MAIN ENTRY--PERSONAL NAME
Personal name P K K Nair
100 ## - MAIN ENTRY--PERSONAL NAME
Personal name Sushma Kothari
245 ## - TITLE STATEMENT
Title Advances in Pollen-Spore Research.Vol.13 Studies in the Pollen Morphology of Indian Heteromerae
260 ## - PUBLICATION, DISTRIBUTION, ETC. (IMPRINT)
Place of publication, distribution, etc. New Delhi
Name of publisher, distributor, etc. Scholar Publishing House
Date of publication, distribution, etc. 1985
300 ## - PHYSICAL DESCRIPTION
Extent 90
942 ## - ADDED ENTRY ELEMENTS (KOHA)
Koha item type Books (General)
Holdings
Withdrawn status Lost status Damaged status Not for loan Collection code Home library Current library Shelving location Date acquired Total Checkouts Full call number Barcode Date last seen Price effective from Koha item type
        Reference Book College of Agriculture, Vellayani College of Agriculture, Vellayani Reference 24/06/2025   582.0463072 ADV KAU_COAV-21402 24/06/2025 24/06/2025 Reference Book
Kerala Agricultural University Central Library
Thrissur-(Dt.), Kerala Pin:- 680656, India
Ph : (+91)(487) 2372219
E-mail: librarian@kau.in
Website: http://library.kau.in/